[Event "Gibtelecom Masters"]
[Site "Gibraltar"]
[Date "2009.01.29"]
[Round "3.55"]
[White "Dimitrijevic, Dragan"]
[Black "Jessel, Stephen"]
[Result "1/2-1/2"]
[WhiteElo "2069"]
[BlackElo "2296"]
[PlyCount "64"]
[EventDate "2009.01.27"]

1. d4 e6 2. c4 d5 3. Nc3 Nf6 4. cxd5 exd5 5. Bg5 Nbd7 6. e3 c6 7. Bd3 Be7 8.
Qc2 O-O 9. Nf3 Re8 10. h3 Nf8 11. O-O Bd6 12. Ne2 Ng6 13. Rab1 h6 14. Bxh6 gxh6
15. Bxg6 fxg6 16. Qxg6+ Kh8 17. Qxh6+ Nh7 18. Nh4 Qf6 19. Qxf6+ Nxf6 20. b4 Bd7
21. Rb3 a5 22. bxa5 Bc8 23. f4 Rxa5 24. Nc1 Kg7 25. Nf3 Ne4 26. Rd1 Ra3 27. Ne5
Rxb3 28. axb3 Be6 29. g4 Ra8 30. Ncd3 Ra3 31. b4 Rb3 32. f5 Bg8 1/2-1/2

[Event "Gibtelecom Masters"]
[Site "Gibraltar"]
[Date "2009.01.29"]
[Round "3.56"]
[White "Pali, Gabor"]
[Black "Thomassen, Joachim"]
[Result "0-1"]
[WhiteElo "2048"]
[BlackElo "2290"]
[PlyCount "66"]
[EventDate "2009.01.27"]

1. d4 Nf6 2. Nf3 g6 3. c4 Bg7 4. Nc3 O-O 5. e4 d6 6. h3 Na6 7. Be3 Qe8 8. Bd3
e5 9. d5 Nc5 10. Bc2 a5 11. Rb1 Bd7 12. Qe2 Nh5 13. a3 a4 14. g3 Qc8 15. Nb5 f6
16. Qd1 b6 17. Ng1 f5 18. Nc3 Qe8 19. Nf3 Nf6 20. Nd2 Qc8 21. Kf1 f4 22. Bxc5
Bxh3+ 23. Kg1 bxc5 24. gxf4 exf4 25. f3 Nh5 26. Ne2 Ng3 27. Rh2 Be5 28. Kf2 g5
29. Ke1 Bd7 30. Nf1 g4 31. fxg4 Bxg4 32. Nfxg3 fxg3 33. Rh4 g2 0-1

[Event "Gibtelecom Masters"]
[Site "Gibraltar"]
[Date "2009.01.29"]
[Round "3.58"]
[White "Tscharotschkin, Michael"]
[Black "Dasaolu, Adeoye"]
[Result "1-0"]
[WhiteElo "2248"]
[BlackElo "2024"]
[PlyCount "43"]
[EventDate "2009.01.27"]

1. e4 c5 2. c3 d5 3. exd5 Qxd5 4. d4 Nf6 5. Nf3 Nc6 6. Na3 e6 7. Nb5 Qd8 8.
dxc5 Bxc5 9. Qxd8+ Kxd8 10. Bg5 a6 11. Nbd4 Bd7 12. Rd1 Ke7 13. Be2 h6 14. Bf4
Rhd8 15. Nb3 Bb6 16. Bd6+ Ke8 17. Nfd2 Rac8 18. Nc4 Bc7 19. Nc5 b5 20. Nxa6 Bb8
21. Bxb8 bxc4 22. Bc7 1-0

[Event "Gibtelecom Masters"]
[Site "Gibraltar"]
[Date "2009.01.29"]
[Round "3.59"]
[White "Brown, Thomas"]
[Black "Natalicchio Escalante, Nic"]
[Result "0-1"]
[WhiteElo "2027"]
[BlackElo "2238"]
[PlyCount "80"]
[EventDate "2009.01.27"]

1. d4 Nf6 2. c4 c5 3. d5 e5 4. Nc3 d6 5. e4 Be7 6. g3 O-O 7. Bg2 Nbd7 8. Nge2
a6 9. O-O Rb8 10. a4 Ne8 11. f4 g6 12. f5 Ng7 13. g4 Bg5 14. Kh1 h5 15. Bf3
hxg4 16. Bxg4 Bxc1 17. Nxc1 Qh4 18. fxg6 Nf6 19. Bxc8 Rbxc8 20. Qe1 Qxe1 21.
gxf7+ Rxf7 22. Rxe1 Rcf8 23. Rg1 Kh7 24. Nd3 Nfh5 25. Kg2 Rg8 26. Raf1 Nf5+ 27.
Kh1 Nfg3+ 28. hxg3 Nxg3+ 29. Rxg3 Rxf1+ 30. Kh2 Rh1+ 31. Kxh1 Rxg3 32. Nc1 Kg6
33. N1e2 Rd3 34. Nc1 Rd2 35. b3 Kg5 36. N1e2 Rb2 37. Nc1 Kg4 38. Kg1 Rc2 39.
N1e2 Kf3 40. Kf1 Ke3 0-1

[Event "Gibtelecom Masters"]
[Site "Gibraltar"]
[Date "2009.01.29"]
[Round "3.61"]
[White "Dunn, Andrew"]
[Black "Madland, Kristoffer"]
[Result "1/2-1/2"]
[WhiteElo "2216"]
[BlackElo "1992"]
[PlyCount "74"]
[EventDate "2009.01.27"]

1. d4 d5 2. Nf3 Nf6 3. e3 g6 4. c4 c6 5. Nc3 Bg7 6. Bd3 O-O 7. O-O Nbd7 8. Qe2
Re8 9. cxd5 cxd5 10. Bd2 e5 11. Bb5 exd4 12. Nxd4 a6 13. Ba4 b5 14. Bb3 Nc5 15.
Bc2 Qb6 16. Qd1 Nce4 17. Bb3 Be6 18. Rc1 Rac8 19. Nce2 Nxd2 20. Qxd2 Ne4 21.
Qd1 Nd6 22. Rxc8 Rxc8 23. Nf4 Nc4 24. Nfxe6 fxe6 25. Qg4 Re8 26. Rb1 Qd6 27. h4
e5 28. Ne2 Qe6 29. Qxe6+ Rxe6 30. Rd1 Rd6 31. Nc3 d4 32. Ne4 Rc6 33. Rc1 Bh6
34. Nd2 dxe3 35. Nxc4 bxc4 36. Rxc4 Kf8 37. fxe3 Bxe3+ 1/2-1/2

[Event "Gibtelecom Masters"]
[Site "Gibraltar"]
[Date "2009.01.29"]
[Round "3.62"]
[White "Urbina Perez, Juan Antonio"]
[Black "Spanton, Tim R"]
[Result "1-0"]
[WhiteElo "2215"]
[BlackElo "2008"]
[PlyCount "53"]
[EventDate "2009.01.27"]

1. e4 c5 2. Nf3 g6 3. d4 cxd4 4. Nxd4 Nc6 5. Nb3 Bg7 6. Be2 Nf6 7. Nc3 O-O 8.
O-O a5 9. a4 Nb4 10. Bg5 d5 11. exd5 Nfxd5 12. Nxd5 Nxd5 13. Bf3 Nf6 14. Qe2
Qc7 15. Rfe1 Re8 16. Qb5 Bf5 17. c3 Ng4 18. g3 Ne5 19. Bg2 Bd7 20. Qe2 Bc6 21.
Bf4 Bxg2 22. Bxe5 Bxe5 23. Qxe5 Qb6 24. Qb5 Qc6 25. Nd4 Qd5 26. Re5 Qxb5 27.
Nxb5 1-0

[Event "Gibtelecom Masters"]
[Site "Gibraltar"]
[Date "2009.01.29"]
[Round "3.63"]
[White "Cafolla, Peter"]
[Black "Pantaleoni, Claudio"]
[Result "1/2-1/2"]
[WhiteElo "2013"]
[BlackElo "2211"]
[PlyCount "88"]
[EventDate "2009.01.27"]

1. e4 e5 2. Nf3 Nc6 3. d4 exd4 4. Nxd4 Nf6 5. Nxc6 bxc6 6. e5 Qe7 7. Qe2 Nd5 8.
c4 Nb6 9. Nc3 Qe6 10. Qe4 Bb4 11. Bd2 Bb7 12. a3 Bxc3 13. Bxc3 d5 14. Qh4 dxc4
15. Be2 c5 16. f4 Be4 17. O-O Nd5 18. f5 Bxf5 19. Bxc4 c6 20. Qf2 Bg6 21. Qxc5
Rc8 22. Rad1 Be4 23. Rf2 Qe7 24. Qxe7+ Kxe7 25. Rd4 Bg6 26. Bxd5 cxd5 27. Rxd5
Rhd8 28. Rfd2 Rxd5 29. Rxd5 Rc6 30. Kf2 a6 31. Rd4 Ke6 32. Rd8 f6 33. exf6 gxf6
34. Rd4 Rc5 35. Rf4 Rf5 36. Ke3 Rxf4 37. Kxf4 Bd3 38. g4 Bc2 39. h4 Bd3 40. Ke3
Bc2 41. Kd4 Bd1 42. g5 fxg5 43. hxg5 Kd6 44. Kc4 Kc6 1/2-1/2

[Event "Gibtelecom Masters"]
[Site "Gibraltar"]
[Date "2009.01.29"]
[Round "3.64"]
[White "Zanetti, Bruno"]
[Black "Kandic, Milan"]
[Result "0-1"]
[WhiteElo "2008"]
[BlackElo "2208"]
[PlyCount "114"]
[EventDate "2009.01.27"]

1. d4 d6 2. c4 Nf6 3. Nc3 Nbd7 4. e4 e5 5. Nf3 Be7 6. Be2 c6 7. O-O O-O 8. b3
Re8 9. Re1 Qc7 10. Bb2 Nf8 11. Qc2 Ng6 12. h3 Nf4 13. Bf1 Bf8 14. Ne2 N6h5 15.
Nxf4 Nxf4 16. Qc3 g6 17. Rad1 Bg7 18. dxe5 dxe5 19. Ba3 c5 20. Bc1 Ne6 21. Ng5
Nd4 22. Qg3 f6 23. Nf3 Qe7 24. Nxd4 cxd4 25. Bd3 a5 26. a4 Be6 27. f4 Rf8 28.
f5 Bf7 29. h4 Kh8 30. Qf3 Rg8 31. g4 gxf5 32. exf5 Be8 33. Be4 Bc6 34. Kf2 Qc5
35. g5 Bxe4 36. Rxe4 Rgd8 37. Rd3 Rd7 38. g6 Rc8 39. h5 Qf8 40. gxh7 Bh6 41.
Rg4 Rxh7 42. Bxh6 Qxh6 43. Rg6 Qxh5 44. Qxh5 Rxh5 45. Rxf6 Rg8 46. Rf7 Rg7 47.
Rf8+ Kh7 48. f6 Rh2+ 49. Kf1 Rgg2 50. Rf7+ Kh6 51. Rxb7 Rb2 52. Kg1 Rhg2+ 53.
Kh1 Rgf2 54. Kg1 Rxf6 55. Rg3 Rg6 56. Rxg6+ Kxg6 57. c5 d3 0-1

[Event "Gibtelecom Masters"]
[Site "Gibraltar"]
[Date "2009.01.29"]
[Round "3.65"]
[White "Kvisla, Johannes Luangtep"]
[Black "Benson, Oisin P"]
[Result "1-0"]
[WhiteElo "2208"]
[BlackElo "1957"]
[PlyCount "69"]
[EventDate "2009.01.27"]

1. d4 Nf6 2. c4 g6 3. Nc3 Bg7 4. e4 d6 5. f3 O-O 6. Bg5 c5 7. d5 e6 8. Qd2 exd5
9. cxd5 h6 10. Be3 h5 11. Nge2 a6 12. a4 Nbd7 13. Nc1 Re8 14. Be2 Ne5 15. O-O
Nh7 16. Rb1 a5 17. b3 f5 18. Nd3 fxe4 19. Nxe4 Ng4 20. fxg4 Rxe4 21. Nf2 Rxe3
22. Qxe3 hxg4 23. Kh1 Bd4 24. Qh6 Bf5 25. Bd3 Bg7 26. Qe3 Bd4 27. Qe2 g3 28.
Bxf5 gxf5 29. Qe6+ Kh8 30. Nh3 gxh2 31. Rxf5 Qc8 32. Kxh2 Qxe6 33. dxe6 Re8 34.
Rf7 Rxe6 35. Rxh7+ 1-0

[Event "Gibtelecom Masters"]
[Site "Gibraltar"]
[Date "2009.01.29"]
[Round "3.66"]
[White "Haug, Marianne Wold"]
[Black "Bravetti, Antonio"]
[Result "0-1"]
[WhiteElo "1935"]
[BlackElo "2205"]
[PlyCount "58"]
[EventDate "2009.01.27"]

1. e4 c5 2. Nf3 Nc6 3. d4 cxd4 4. Nxd4 e5 5. Nb5 d6 6. N1c3 a6 7. Na3 b5 8. Nd5
Nge7 9. c4 Nd4 10. cxb5 Nxd5 11. exd5 Bd7 12. bxa6 Qa5+ 13. Bd2 Qxd5 14. f3 Be7
15. Bc4 Bh4+ 16. Kf1 Qc6 17. Rc1 d5 18. Bd3 Qb6 19. Be1 Bxe1 20. Qxe1 O-O 21.
Qxe5 Nxf3 22. Qxd5 Qxb2 23. Rd1 Nh4 24. Bxh7+ Kxh7 25. Qh5+ Kg8 26. Qxh4 Qxa3
27. Rxd7 Rxa6 28. Qc4 Rf6+ 29. Kg1 Qe3# 0-1

[Event "Gibtelecom Masters"]
[Site "Gibraltar"]
[Date "2009.01.29"]
[Round "3.67"]
[White "De Lillo, Michele"]
[Black "Van Den Bersselaar, Jeroen"]
[Result "1/2-1/2"]
[WhiteElo "1918"]
[BlackElo "2191"]
[PlyCount "107"]
[EventDate "2009.01.27"]

1. e4 c6 2. d4 d5 3. exd5 cxd5 4. Bd3 Nc6 5. c3 Qc7 6. h3 Nf6 7. Nf3 g6 8. Bg5
Bg7 9. Nbd2 Bf5 10. Qc2 Bxd3 11. Qxd3 O-O 12. O-O a6 13. a4 h6 14. Bxf6 Bxf6
15. Rfe1 Rfc8 16. Nf1 e6 17. Ne3 h5 18. g4 Qf4 19. Ng2 Qh6 20. Qe3 Qxe3 21.
Nxe3 b5 22. axb5 axb5 23. Nc2 hxg4 24. hxg4 Be7 25. Rxa8 Rxa8 26. Ra1 Rxa1+ 27.
Nxa1 b4 28. Nb3 bxc3 29. bxc3 Ba3 30. Nfd2 Bb2 31. Nb1 Na7 32. Nc5 Nb5 33. Na4
Bc1 34. Kg2 Kg7 35. Nc5 Bf4 36. Kf3 Bc7 37. Ke3 Kh6 38. Nd7 Kg5 39. f3 Ba5 40.
Kd3 Kf4 41. Ne5 f6 42. Nxg6+ Kxf3 43. c4 dxc4+ 44. Kxc4 Nd6+ 45. Kc5 Ne4+ 46.
Kc6 Kxg4 47. d5 e5 48. Na3 Kg5 49. Nxe5 fxe5 50. Nc4 Bc3 51. d6 Nf6 52. d7 Nxd7
53. Kxd7 e4 54. Kd6 1/2-1/2

[Event "Gibtelecom Masters"]
[Site "Gibraltar"]
[Date "2009.01.29"]
[Round "3.68"]
[White "Getz, Nicolai"]
[Black "Kuenitz, Klaus"]
[Result "1-0"]
[WhiteElo "2190"]
[BlackElo "1663"]
[PlyCount "71"]
[EventDate "2009.01.27"]

1. e4 e6 2. d4 d5 3. Nc3 dxe4 4. Nxe4 Nd7 5. Bd3 Ngf6 6. Qe2 c5 7. Nf3 Nxe4 8.
Qxe4 cxd4 9. Qxd4 Qb6 10. Qxb6 Nxb6 11. Be3 Be7 12. Bxb6 axb6 13. Bb5+ Kf8 14.
Ne5 Bf6 15. Nc4 Ke7 16. c3 Rd8 17. Nxb6 Ra5 18. a4 e5 19. Nxc8+ Rxc8 20. O-O-O
Rc7 21. Rd2 Ra8 22. Rhd1 Kf8 23. Kc2 g6 24. c4 Bg7 25. b4 f5 26. c5 e4 27. Kb3
Re7 28. Rd7 Rae8 29. Bc4 e3 30. Rxe7 Kxe7 31. Re1 Bd4 32. fxe3 Kf6 33. Bd5 b6
34. exd4 Rxe1 35. cxb6 Re8 36. a5 1-0

[Event "Gibtelecom Masters"]
[Site "Gibraltar"]
[Date "2009.01.29"]
[Round "3.70"]
[White "Gonzalez Amaya, Millan"]
[Black "Kozlov, Oleg"]
[Result "0-1"]
[WhiteElo "1831"]
[BlackElo "2187"]
[PlyCount "82"]
[EventDate "2009.01.27"]

1. e4 c5 2. Nc3 e6 3. Nge2 a6 4. g3 b5 5. Bg2 Bb7 6. d3 Nc6 7. O-O b4 8. Nb1 g6
9. Nd2 Bg7 10. f4 d6 11. Nf3 Nge7 12. c3 O-O 13. Bd2 a5 14. Rc1 Ba6 15. Be1 a4
16. a3 bxa3 17. bxa3 Na5 18. Rc2 Nb3 19. g4 Rb8 20. Ng3 Nc6 21. h4 d5 22. e5 f6
23. exf6 Rxf6 24. Ng5 Ne7 25. Re2 Qd6 26. N3e4 dxe4 27. Nxe4 Qxd3 28. Nxf6+
Bxf6 29. Qxd3 Bxd3 30. Rxe6 Kf7 31. Rd6 Bxf1 32. Bxf1 Na5 33. Rd7 Rb1 34. Bf2
Nb3 35. Kg2 Bxc3 36. Bc4+ Ke8 37. Bb5 Nd4 38. Bxa4 Kf7 39. Rd8 Ne6 40. Be8+ Kg7
41. Rd7 Kf8 0-1

[Event "Gibtelecom Masters"]
[Site "Gibraltar"]
[Date "2009.01.29"]
[Round "3.73"]
[White "Tsifanskaya, Ludmila A"]
[Black "Pettersen, Joar Gullestad"]
[Result "1-0"]
[WhiteElo "2149"]
[BlackElo "2016"]
[PlyCount "58"]
[EventDate "2009.01.27"]

1. e4 c5 2. Nf3 a6 3. c3 d6 4. d4 Nd7 5. Bd3 g6 6. O-O Bg7 7. Be3 Qc7 8. h3
Ngf6 9. Nbd2 O-O 10. a4 b6 11. d5 Ne5 12. Nxe5 dxe5 13. Be2 Ne8 14. f3 Nd6 15.
Nc4 Bd7 16. Qd2 b5 17. Nxd6 exd6 18. axb5 axb5 19. b4 Rfb8 20. Qb2 Ra4 21. Ra3
f5 22. Rfa1 fxe4 23. fxe4 cxb4 24. cxb4 h5 25. Rxa4 bxa4 26. b5 Qa5 27. Qa3
Bxb5 28. Qxd6 Ra8 29. Bxb5 Qc3 1-0

[Event "Gibtelecom Masters"]
[Site "Gibraltar"]
[Date "2009.01.29"]
[Round "3.74"]
[White "Sedgwick, David"]
[Black "Dittmar, Peter"]
[Result "0-1"]
[WhiteElo "2060"]
[BlackElo "2382"]
[PlyCount "106"]
[EventDate "2009.01.27"]

1. e4 e6 2. d4 d5 3. e5 c5 4. c3 Qb6 5. Nf3 Bd7 6. Bd3 cxd4 7. cxd4 Bb5 8. O-O
Bxd3 9. Qxd3 Nc6 10. Nc3 Nge7 11. Be3 Ng6 12. a3 Be7 13. b4 O-O 14. Na4 Qd8 15.
Rfc1 Qd7 16. Nc5 Bxc5 17. Rxc5 Rfc8 18. h4 h6 19. h5 Nf8 20. Qd2 Ne7 21. Bxh6
gxh6 22. Qxh6 Nh7 23. Ng5 Nxg5 24. Qxg5+ Kh7 25. Qf6 Ng8 26. Qf4 b6 27. Rcc1
Nh6 28. Ra2 Rxc1+ 29. Qxc1 Rc8 30. Rc2 Rxc2 31. Qxc2+ Kg7 32. Qd2 Qe7 33. Qf4
Kh7 34. g4 Qh4 35. f3 b5 36. Kf1 Kg7 37. Ke2 Nf5 38. Kd3 Kg8 39. Qc1 Ng3 40.
Qc5 Qh1 41. Kc2 Qg2+ 42. Kb1 Qf1+ 43. Kb2 Qe2+ 44. Kb1 Qd3+ 45. Qc2 Qxf3 46.
Qc8+ Kh7 47. Qf8 Ne2 48. h6 Qb3+ 49. Ka1 Qxa3+ 50. Kb1 Qc1+ 51. Ka2 Qc2+ 52.
Ka3 Qg6 53. g5 Nxd4 0-1

[Event "Gibtelecom Masters"]
[Site "Gibraltar"]
[Date "2009.01.29"]
[Round "3.76"]
[White "Campbell, Ian"]
[Black "Peredy, Ferenc"]
[Result "0-1"]
[WhiteElo "2023"]
[BlackElo "2252"]
[PlyCount "84"]
[EventDate "2009.01.27"]

1. Nf3 d5 2. b3 Nf6 3. Bb2 e6 4. e3 Be7 5. c4 O-O 6. Be2 b6 7. O-O Bb7 8. d3
Nbd7 9. Nc3 c5 10. Rc1 Rc8 11. Qd2 Qc7 12. cxd5 Nxd5 13. Nxd5 Bxd5 14. Rfd1 Qb7
15. Ne1 Rfd8 16. Bf3 Nf6 17. Qe2 Rc7 18. Bxd5 Rxd5 19. d4 cxd4 20. Rxc7 Qxc7
21. e4 Qe5 22. f3 Rd8 23. Kh1 h6 24. g3 a5 25. a4 Bc5 26. Nd3 Qc7 27. Rc1 e5
28. Ba3 Nd7 29. b4 axb4 30. Bxb4 Qd6 31. Bd2 Ra8 32. Qd1 Qe6 33. Kg2 Qa2 34.
Ra1 Qc4 35. Be1 Bd6 36. Nb2 Qa6 37. Qc2 Rc8 38. Qd2 Rc3 39. Nd1 Rc7 40. Ra2 Qc4
41. Bf2 Bb4 42. Qb2 Nc5 0-1

[Event "Gibtelecom Masters"]
[Site "Gibraltar"]
[Date "2009.01.29"]
[Round "3.77"]
[White "Daoudi, Kamal"]
[Black "Beltran Medina, Jorge"]
[Result "0-1"]
[WhiteElo "2209"]
[BlackElo "2006"]
[PlyCount "78"]
[EventDate "2009.01.27"]

1. e4 e6 2. d4 d5 3. e5 c5 4. c3 Qb6 5. Nf3 Bd7 6. Be2 cxd4 7. cxd4 Bb5 8. O-O
Bxe2 9. Qxe2 Nc6 10. Nc3 Nge7 11. Rd1 Nf5 12. g4 Nfe7 13. Na4 Qb4 14. b3 Ng6
15. Bd2 Qe7 16. Rac1 Qd7 17. h4 h5 18. g5 Ba3 19. Nc5 Bxc5 20. Rxc5 Nge7 21.
Rdc1 Nf5 22. Qd3 O-O 23. b4 Rfc8 24. Qb5 Nfe7 25. Kf1 Kf8 26. Kg2 b6 27. R5c2
Nxe5 28. Qe2 Nxf3 29. Qxf3 Nf5 30. Qf4 Rxc2 31. Rxc2 Rc8 32. Rxc8+ Qxc8 33. b5
Kg8 34. a4 Kh7 35. a5 bxa5 36. Bxa5 Qb7 37. Be1 Qxb5 38. Qc7 Kg6 39. Qxa7 Qe2
0-1

[Event "Gibtelecom Masters"]
[Site "Gibraltar"]
[Date "2009.01.29"]
[Round "3.78"]
[White "De Groote, Ewoud"]
[Black "Hickman, John E"]
[Result "1-0"]
[WhiteElo "2203"]
[BlackElo "2002"]
[PlyCount "86"]
[EventDate "2009.01.27"]

1. e4 d6 2. d4 Nf6 3. Nc3 g6 4. Bg5 Bg7 5. Qd2 h6 6. Bh4 g5 7. Bg3 Nh5 8. O-O-O
Nc6 9. Qe3 Nxg3 10. hxg3 e6 11. f4 g4 12. Rh5 Qe7 13. e5 f6 14. exd6 cxd6 15.
d5 exd5 16. Nxd5 Qxe3+ 17. Nxe3 Be6 18. Bc4 Bxc4 19. Nxc4 O-O-O 20. Ne2 Kc7 21.
Nc3 a6 22. Ne3 Ne7 23. Rd4 Kb8 24. f5 Nc6 25. Rxg4 Rhg8 26. Ncd5 Ne5 27. Re4
Bf8 28. g4 Bg7 29. Kd2 Rge8 30. c4 Rc8 31. b3 Ka7 32. Nf4 b5 33. Ne6 Re7 34.
Rd4 bxc4 35. Nxc4 Nxc4+ 36. Rxc4 Rxc4 37. bxc4 Kb6 38. Ke3 Kc6 39. Kf4 d5 40.
cxd5+ Kxd5 41. Nxg7 Rxg7 42. Rxh6 Rf7 43. g5 fxg5+ 1-0

[Event "Gibtelecom Masters"]
[Site "Gibraltar"]
[Date "2009.01.29"]
[Round "3.80"]
[White "Brown, David"]
[Black "Heinis, Vincent"]
[Result "1/2-1/2"]
[WhiteElo "1932"]
[BlackElo "2170"]
[PlyCount "60"]
[EventDate "2009.01.27"]

1. e4 e6 2. d4 d5 3. exd5 exd5 4. Bd3 Nc6 5. c3 Bd6 6. Qf3 Nge7 7. Ne2 O-O 8.
O-O Ng6 9. g3 Be6 10. Bf4 Nce7 11. Nd2 c6 12. Rfe1 Nc8 13. Bxd6 Nxd6 14. Nf4
Qf6 15. Nxe6 fxe6 16. Qxf6 Rxf6 17. Re3 Nf5 18. Re2 Nf8 19. Rae1 g5 20. Re5 h6
21. Bxf5 exf5 22. Re7 Rf7 23. R1e5 f4 24. gxf4 Ng6 25. Re8+ Rxe8 26. Rxe8+ Kg7
27. fxg5 hxg5 28. Re3 Nh4 29. Re6 Ng6 30. Kf1 Nf4 1/2-1/2

[Event "Gibtelecom Masters"]
[Site "Gibraltar"]
[Date "2009.01.29"]
[Round "3.81"]
[White "Loberg, Jo Kristian"]
[Black "Steffenello, Leonard"]
[Result "0-1"]
[WhiteElo "1923"]
[BlackElo "2164"]
[PlyCount "88"]
[EventDate "2009.01.27"]

1. e4 c6 2. d4 d5 3. Nd2 dxe4 4. Nxe4 Nf6 5. Nxf6+ exf6 6. Bf4 Bd6 7. Bxd6 Qxd6
8. Nf3 Qb4+ 9. c3 Qxb2 10. Qe2+ Qxe2+ 11. Bxe2 O-O 12. O-O Rd8 13. Rad1 Nd7 14.
Bc4 Nb6 15. Bb3 Be6 16. Nd2 Nd5 17. Bxd5 Bxd5 18. a3 b5 19. Rfe1 Re8 20. Nf1 a5
21. Ne3 Bb3 22. Rb1 a4 23. Rbc1 Rad8 24. Nf5 Be6 25. Ng3 Kf8 26. Ne4 Bf5 27.
Nc5 Rxe1+ 28. Rxe1 Re8 29. Re3 Rxe3 30. fxe3 Ke7 31. e4 Be6 32. Kf2 f5 33. e5
g5 34. g3 f6 35. Kf3 fxe5 36. dxe5 Bd5+ 37. Ke3 Kf7 38. Nd3 h5 39. Kd4 Be4 40.
Nc5 Bd5 41. Nd3 Ke7 42. h4 f4 43. gxf4 gxh4 44. Nf2 Bg2 0-1

[Event "Gibtelecom Masters"]
[Site "Gibraltar"]
[Date "2009.01.29"]
[Round "3.82"]
[White "Szabo, Gabor"]
[Black "Gavriel, Tryfon C"]
[Result "1/2-1/2"]
[WhiteElo "1862"]
[BlackElo "2161"]
[PlyCount "35"]
[EventDate "2009.01.27"]

1. e4 e6 2. d4 d5 3. e5 c5 4. c3 Nc6 5. Nf3 Nh6 6. Bd3 f6 7. exf6 gxf6 8. Nh4
Nf7 9. O-O cxd4 10. Re1 Be7 11. Qh5 e5 12. Bf5 Bxf5 13. Nxf5 Qd7 14. Ng7+ Kf8
15. Nf5 Ke8 16. Ng7+ Kf8 17. Nf5 Ke8 18. Ng7+ 1/2-1/2

[Event "Gibtelecom Masters"]
[Site "Gibraltar"]
[Date "2009.01.29"]
[Round "3.83"]
[White "Escandell Atienza, Santiago"]
[Black "Drenth, Jean Paul"]
[Result "0-1"]
[WhiteElo "1485"]
[BlackElo "2140"]
[PlyCount "71"]
[EventDate "2009.01.27"]

1. e4 c5 2. Nf3 e6 3. d4 cxd4 4. Nxd4 a6 5. c4 Nc6 6. Be2 Nf6 7. Nc3 Bb4 8. f3
Qa5 9. Qd2 O-O 10. a3 Nxd4 11. Qxd4 Bc5 12. Qd3 Ba7 13. Be3 Bxe3 14. Qxe3 d6
15. O-O Rd8 16. Rfd1 Qc7 17. Rd2 Bd7 18. Rad1 Bc6 19. Rd3 Rd7 20. f4 Rad8 21.
b4 b5 22. c5 dxc5 23. bxc5 h6 24. Bf3 Rxd3 25. Rxd3 Rxd3 26. Qxd3 Qxf4 27. Kf2
Qxh2 28. Qd6 Qxd6 29. cxd6 e5 30. Ke3 Kf8 31. Bd1 Ne8 32. d7 Bxd7 33. Nd5 Bc6
34. Nb4 Bb7 35. Bb3 Nd6 36. Nc2 0-1

[Event "Gibtelecom Masters"]
[Site "Gibraltar"]
[Date "2009.01.29"]
[Round "3.84"]
[White "Matto, Manuel"]
[Black "Nezad, Husein Aziz"]
[Result "0-1"]
[WhiteElo "1855"]
[BlackElo "2403"]
[PlyCount "54"]
[EventDate "2009.01.27"]

1. e4 c6 2. d4 d5 3. Nc3 dxe4 4. Nxe4 Bf5 5. Ng3 Bg6 6. c3 e6 7. Nf3 Nd7 8. Be2
Ngf6 9. h3 Bd6 10. O-O Qc7 11. Qe1 O-O 12. Bd2 Rfe8 13. Nh4 e5 14. Nxg6 hxg6
15. dxe5 Bxe5 16. f4 Bd6 17. Qd1 Rad8 18. Qc2 Nc5 19. Bf3 Bxf4 20. Bxf4 Qxf4
21. Ne2 Qe3+ 22. Rf2 Rd2 23. Qb1 Nfe4 24. Qf1 Nd3 25. Bxe4 Rxe4 26. Re1 Nxe1
27. Qxe1 Rxe2 0-1

[Event "Gibtelecom Masters"]
[Site "Gibraltar"]
[Date "2009.01.29"]
[Round "3.86"]
[White "Yarur Elsaca, Daniel"]
[Black "Chapman, Terry P D"]
[Result "0-1"]
[WhiteElo "1805"]
[BlackElo "2251"]
[PlyCount "46"]
[EventDate "2009.01.27"]

1. e4 d6 2. d4 Nf6 3. Nc3 g6 4. f4 Bg7 5. Nf3 O-O 6. Bd3 Na6 7. O-O c5 8. e5
Nd7 9. Ng5 cxd4 10. Ne2 dxe5 11. fxe5 Nxe5 12. Ng3 h6 13. Nf3 Nxd3 14. Qxd3 Qb6
15. Nh4 Nb4 16. Qe2 Nxc2 17. Qxe7 Nxa1 18. Nxg6 Qxg6 19. Ne4 Bh3 20. Bg5 Rae8
21. Nf6+ Bxf6 22. Qxf6 Qxg5 23. Qxg5+ hxg5 0-1

[Event "Gibtelecom Masters"]
[Site "Gibraltar"]
[Date "2009.01.29"]
[Round "3.87"]
[White "Salem, Ihab"]
[Black "Ribon Calabia, Mariano"]
[Result "1-0"]
[WhiteElo "2171"]
[BlackElo "1864"]
[PlyCount "65"]
[EventDate "2009.01.27"]

1. e4 e6 2. d3 d5 3. Nd2 Nf6 4. Ngf3 dxe4 5. dxe4 Bc5 6. Bd3 Nc6 7. O-O O-O 8.
e5 Nd7 9. Nb3 Be7 10. Qe2 a5 11. a4 Kh8 12. Rd1 Qe8 13. Bf4 f6 14. exf6 Bxf6
15. Bxc7 Bxb2 16. Rab1 Bc3 17. Bxh7 Qh5 18. Bd3 Nde5 19. Nxe5 Qxe2 20. Ng6+ Kg8
21. Bxe2 Rf6 22. Nf4 Rh6 23. Rd3 Bf6 24. Nh5 Be7 25. Rg3 Bf8 26. Bf4 Rh8 27.
Rd1 Kf7 28. Bd6 g6 29. Rf3+ Ke8 30. Nf6+ Kd8 31. Bxf8+ Kc7 32. Ne8+ Kb6 33.
Bc5# 1-0

[Event "Gibtelecom Masters"]
[Site "Gibraltar"]
[Date "2009.01.29"]
[Round "3.89"]
[White "Helin, Mikael"]
[Black "Aagedal, Geir Ole"]
[Result "1-0"]
[WhiteElo "1974"]
[BlackElo "1832"]
[PlyCount "89"]
[EventDate "2009.01.27"]

1. e4 c6 2. d4 d5 3. f3 e6 4. Be3 Nf6 5. Nd2 Be7 6. Bd3 O-O 7. e5 Ne8 8. h4 f5
9. g3 c5 10. c3 Nc6 11. f4 cxd4 12. cxd4 Qb6 13. Ngf3 Nb4 14. Bb1 Qa6 15. Nb3
Bd7 16. a3 Nc6 17. Ng5 g6 18. h5 Bxg5 19. fxg5 Ne7 20. hxg6 hxg6 21. Nc5 Qc6
22. Qd2 Ng7 23. Qh2 Kf7 24. Qd2 b6 25. Nd3 Qa4 26. Bc2 Qa6 27. Nf4 Rac8 28. a4
Qb7 29. Bd3 b5 30. a5 a6 31. b4 Nc6 32. Rb1 Qa7 33. Qf2 Rh8 34. Rh6 Nh5 35.
Rxg6 Nxf4 36. Rf6+ Kg7 37. Qxf4 Ne7 38. g6 Rc6 39. Rf7+ Kg8 40. Qg5 Be8 41. Qf6
Rh1+ 42. Kf2 Rh2+ 43. Kg1 Bxf7 44. Qxf7+ Kh8 45. g7+ 1-0

[Event "Gibtelecom Masters"]
[Site "Gibraltar"]
[Date "2009.01.29"]
[Round "3.90"]
[White "Webster, Richard J"]
[Black "Pieri, Enzo"]
[Result "1-0"]
[WhiteElo "1956"]
[BlackElo "1829"]
[PlyCount "75"]
[EventDate "2009.01.27"]

1. c4 c5 2. Nc3 Nc6 3. g3 g6 4. Bg2 Bg7 5. Nf3 Nf6 6. O-O O-O 7. d4 cxd4 8.
Nxd4 Nxd4 9. Qxd4 d6 10. Qd3 a6 11. Bd2 Rb8 12. Rac1 Bd7 13. c5 Bc6 14. cxd6
Qxd6 15. Qxd6 exd6 16. Rfd1 Bxg2 17. Kxg2 Rbd8 18. Bg5 h6 19. Bxf6 Bxf6 20. b3
Bxc3 21. Rxc3 Rd7 22. Rd5 Re8 23. Kf3 Re5 24. Rcd3 Rxd5 25. Rxd5 Kg7 26. h4 Kf6
27. g4 Ke6 28. e4 f6 29. Ke3 Rc7 30. Kd2 Rc5 31. Rxc5 dxc5 32. f4 g5 33. hxg5
hxg5 34. Ke3 b5 35. e5 a5 36. exf6 gxf4+ 37. Kxf4 a4 38. bxa4 1-0

[Event "Gibtelecom Masters"]
[Site "Gibraltar"]
[Date "2009.01.30"]
[Round "4.7"]
[White "Gordon, Stephen J"]
[Black "Berkes, Ferenc"]
[Result "1/2-1/2"]
[WhiteElo "2524"]
[BlackElo "2651"]
[PlyCount "82"]
[EventDate "2009.01.27"]

1. d4 d5 2. c4 e6 3. Nf3 Nf6 4. g3 dxc4 5. Bg2 c5 6. O-O Nc6 7. Qa4 Bd7 8. Qxc4
cxd4 9. Nxd4 Rc8 10. Nc3 Be7 11. Rd1 Qa5 12. Qb5 Qc7 13. Nb3 a6 14. Qg5 h6 15.
Qh4 Ne5 16. Bf4 g5 17. Bxe5 gxh4 18. Bxc7 Rxc7 19. Rac1 hxg3 20. hxg3 h5 21.
Ne4 Rxc1 22. Rxc1 b6 23. Nbd2 h4 24. Nxf6+ Bxf6 25. Ne4 Be5 26. gxh4 Rxh4 27.
b3 Ke7 28. Nd2 Rh8 29. Rc2 f5 30. Bb7 a5 31. a4 Rb8 32. Ba6 Rg8+ 33. Kf1 Bh2
34. e3 Rg1+ 35. Ke2 Bd6 36. Nc4 Be8 37. Nxd6 Kxd6 38. f4 Bh5+ 39. Kd2 Bf3 40.
Rc8 Bd5 41. Bc4 Bxc4 1/2-1/2